000 01825nam0a2200373 4500
001 RU\NLR\bibl\400258
005 20260406105622.0
010 _a5-09-005742-7
_91000
021 _aRU
_b2003-12467
_9574
035 _a(NLR Aleph) 000394439
090 _a536063
_c536063
100 _a20030425d2002 |||y0rusy50 ca
101 0 _arus
102 _aRU
105 _ay |||||||||
200 1 _aМетодическое руководство к учебнику "Русский язык" для 4 класса национальных общеобразовательных учреждений
_eПособие для учителя
_fГ. Г. Городилова, А. В. Филиппов
210 _aСПб.
_cПросвещение
_cС.-Петерб. фил.
_d2002
215 _a49,[2] с.
_d22
225 1 _aКнижная полка учителя
606 0 _aРусский язык
_xМетодика преподавания
_xНациональная школа
_91153281
_3RU\NLR\auth\66460541
606 0 _aРусский язык
_xПреподавание
_xНациональная школа
_91546637
_3RU\NLR\auth\66976011
610 0 _aРусский язык в национальной школе - Метод. пособия
675 _a373.3.016:811.161.1
_v3
_zrus
686 _a14.23
_2rugasnti
686 _a74.268.1Рус
_2rubbk
686 _aЧ426.132(2)-215
700 1 _4070
_8rus
_7ca
_aГородилова
_bГ. Г.
_f1922-2013
_gГалина Георгиевна
_3RU\NLR\AUTH\77102420
_985346
701 1 _4070
_8rus
_7ca
_aФилиппов
_bА.В.
_cфилолог
_gАндрей Валентинович
_3RU\NLR\auth\7718842
_91918
801 0 _aRU
_bRKP
_c20030425
_gPSBO
801 1 _aRU
_bRKP
_c20030425
801 2 _aRU
_bNLR
_c20110822
_grcr
942 _cBOOK
980 _aNB